[Event "Valasska Bystrice op 13th"]
[Site "Valasska Bystrice"]
[Date "2022.09.11"]
[Round "2"]
[White "Parak, Frantisek"]
[Black "Novotny, Jaroslav2"]
[Result "0-1"]
[WhiteElo "1515"]
[BlackElo "1882"]
[PlyCount "66"]
[EventDate "2022.09.10"]
[EventType "swiss"]
[EventRounds "9"]
[EventCountry "CZE"]
[SourceTitle "CBM 210 Extra"]
[Source "ChessBase"]
[SourceDate "2022.11.30"]
[SourceVersion "1"]
[SourceVersionDate "2022.11.30"]
[SourceQuality "1"]

1. e4 c5 2. Nc3 d6 3. Nf3 Nf6 4. d4 cxd4 5. Nxd4 a6 6. Be2 e5 7. Nb3 Be7 8. Be3 Be6 9. 0-0 0-0 10. Qd2 b5 11. a3 Nbd7 12. Rfd1 Qc7 13. f3 Rfd8 14. Bd3 Nb6 15. Qf2 Rab8 16. Nd2 d5 17. Bxb6 Rxb6 18. Qf1 d4 19. Ne2 Nd7 20. Ng3 Bg5 21. Qe2 Rc6 22. Ngf1 Nc5 23. Qe1 Nxd3 24. cxd3 Rc8 25. h4 Bh6 26. Qg3 Bf4 27. Qf2 Rc2 28. Rab1 Ba2 29. g3 Bxd2 30. Nxd2 Bxb1 31. Rxb1 Rc1+ 32. Rxc1 Qxc1+ 33. Nf1 Rc2 0-1

[Event "Valasska Bystrice op 11th"]
[Site "Valasska Bystrice"]
[Date "2019.09.14"]
[Round "9"]
[White "Parak, Frantisek"]
[Black "Vorsilka, Jiri"]
[Result "1/2-1/2"]
[WhiteElo "1614"]
[BlackElo "1517"]
[PlyCount "45"]
[EventDate "2019.09.07"]
[EventType "swiss"]
[EventRounds "9"]
[EventCountry "CZE"]
[SourceTitle "EXT 2020"]
[Source "ChessBase"]
[SourceDate "2019.10.17"]
[SourceVersion "1"]
[SourceVersionDate "2019.10.17"]
[SourceQuality "1"]

1. e4 c5 2. Nf3 d6 3. d4 cxd4 4. Nxd4 Nf6 5. Nc3 a6 6. Be2 e5 7. Nb3 Be7 8. 0-0 0-0 9. Be3 Be6 10. Qd2 Nbd7 11. Rad1 Rc8 12. f3 Qc7 13. Bd3 Nc5 14. Nxc5 dxc5 15. a3 c4 16. Be2 b5 17. Qe1 Bc5 18. Qf2 Bxe3 19. Qxe3 Rfd8 20. Rxd8+ Rxd8 21. Rd1 Rxd1+ 22. Bxd1 Nd7 23. Kf2 1/2-1/2

[Event "Valasska Bystrice op 11th"]
[Site "Valasska Bystrice"]
[Date "2019.09.09"]
[Round "4"]
[White "Polaskova, Jitka"]
[Black "Parak, Frantisek"]
[Result "0-1"]
[WhiteElo "1526"]
[BlackElo "1614"]
[PlyCount "72"]
[EventDate "2019.09.07"]
[EventType "swiss"]
[EventRounds "9"]
[EventCountry "CZE"]
[SourceTitle "EXT 2020"]
[Source "ChessBase"]
[SourceDate "2019.10.17"]
[SourceVersion "1"]
[SourceVersionDate "2019.10.17"]
[SourceQuality "1"]

1. e4 c5 2. Nf3 d6 3. c3 Nf6 4. e5 dxe5 5. Nxe5 e6 6. Bc4 Bd6 7. Nf3 0-0 8. 0-0 Qc7 9. h3 Rd8 10. Qc2 b6 11. d4 Bb7 12. Nbd2 Nbd7 13. Re1 Rac8 14. Qd1 cxd4 15. Qe2 dxc3 16. bxc3 Nf8 17. Bb2 Bf4 18. Rad1 Bxd2 19. Rxd2 Ng6 20. Rxd8+ Rxd8 21. Bb3 Qc6 22. c4 Nf4 23. Qc2 Ne8 24. Re3 h6 25. Ba4 Qc8 26. Bxe8 Rxe8 27. Qc3 f6 28. Nh4 Kf7 29. Rg3 Ne2+ 30. Kh2 Nxc3 31. Bxc3 Qxc4 32. Nf3 Bxf3 33. Rxf3 Rc8 34. g4 Qxa2 35. Kg3 Qc4 36. h4 Qxc3 0-1

[Event "Valasska Bystrice op"]
[Site "Valasska Bystrice"]
[Date "2017.09.13"]
[Round "6"]
[White "Kucera, Vladimir"]
[Black "Parak, Frantisek"]
[Result "1/2-1/2"]
[WhiteElo "1917"]
[BlackElo "1678"]
[PlyCount "89"]
[EventDate "2017.09.09"]
[EventType "swiss"]
[EventRounds "9"]
[EventCountry "CZE"]
[SourceTitle "CBM 180 Extra"]
[Source "ChessBase"]
[SourceDate "2017.10.06"]
[SourceVersion "1"]
[SourceVersionDate "2017.10.06"]
[SourceQuality "1"]

1. d4 d5 2. c4 c6 3. Nc3 Nf6 4. Bg5 e6 5. e3 Be7 6. Nf3 0-0 7. Be2 dxc4 8. Bxc4 Nd5 9. Bxe7 Qxe7 10. 0-0 Nd7 11. e4 Nxc3 12. bxc3 b6 13. Re1 Bb7 14. Qc2 Rac8 15. Rad1 Rfd8 16. Bd3 Nf8 17. c4 Qc7 18. Qb3 Ng6 19. Bf1 h6 20. g3 Rb8 21. h4 Qe7 22. h5 Nf8 23. Be2 Nh7 24. Ne5 Ng5 25. Qe3 c5 26. d5 exd5 27. exd5 f6 28. Ng4 Qxe3 29. Nxe3 Re8 30. Nf5 Rbd8 31. Kf1 Bc8 32. Bd3 Bxf5 33. Bxf5 Rxe1+ 34. Rxe1 Kf8 35. Bg6 Nf7 36. f4 Nd6 37. Bd3 Re8 38. Rxe8+ Kxe8 39. Kf2 f5 40. Kf3 Ke7 41. a4 Kf6 42. g4 fxg4+ 43. Kxg4 Ke7 44. f5 Kf6 45. Kf4 1/2-1/2

[Event "Valasska Bystrice op"]
[Site "Valasska Bystrice"]
[Date "2016.09.17"]
[Round "9"]
[White "Capil, Dalibor"]
[Black "Parak, Frantisek"]
[Result "1/2-1/2"]
[WhiteElo "1577"]
[BlackElo "1701"]
[PlyCount "89"]
[EventDate "2016.09.10"]
[EventType "swiss"]
[EventRounds "9"]
[EventCountry "CZE"]
[SourceTitle "CBM 174 Extra"]
[Source "ChessBase"]
[SourceDate "2016.10.10"]
[SourceVersion "1"]
[SourceVersionDate "2016.10.10"]
[SourceQuality "1"]

1. e4 c5 2. Nf3 d6 3. a3 Nc6 4. Nc3 Nf6 5. h3 a6 6. d3 e6 7. Be2 Be7 8. 0-0 0-0 9. Be3 Qc7 10. Bf4 b5 11. Qd2 Bb7 12. Na2 Rac8 13. b3 e5 14. Bg5 Nd4 15. Nh2 Ne6 16. Bh4 Nf4 17. Bg3 Nxe2+ 18. Qxe2 Qd7 19. Rad1 Qe6 20. f3 Nh5 21. Be1 Nf4 22. Qf2 Qg6 23. Kh1 f5 24. Qg3 fxe4 25. Qxg6 Nxg6 26. dxe4 Rf7 27. Ng4 Nf4 28. Ne3 g6 29. Kh2 Rcf8 30. c4 Ne2 31. Nc3 Nd4 32. Rb1 b4 33. axb4 cxb4 34. Ncd5 a5 35. Bd2 Bd8 36. Ng4 Rd7 37. f4 Bxd5 38. cxd5 h5 39. Ne3 exf4 40. Nc4 f3 41. Be3 Nb5 42. gxf3 Rdf7 43. Kg2 Bc7 44. Ra1 Ra8 45. Rf2 1/2-1/2

[Event "Valasska Bystrice op"]
[Site "Valasska Bystrice"]
[Date "2016.09.16"]
[Round "8"]
[White "Parak, Frantisek"]
[Black "Kunc, Miroslav"]
[Result "1/2-1/2"]
[WhiteElo "1701"]
[BlackElo "1553"]
[PlyCount "92"]
[EventDate "2016.09.10"]
[EventType "swiss"]
[EventRounds "9"]
[EventCountry "CZE"]
[SourceTitle "CBM 174 Extra"]
[Source "ChessBase"]
[SourceDate "2016.10.10"]
[SourceVersion "1"]
[SourceVersionDate "2016.10.10"]
[SourceQuality "1"]

1. e4 e5 2. Nf3 Nc6 3. Nc3 Nf6 4. Bb5 d6 5. d4 exd4 6. Nxd4 Bd7 7. Nxc6 Bxc6 8. Bxc6+ bxc6 9. 0-0 Be7 10. Qf3 Nd7 11. Bf4 0-0 12. Rad1 Bg5 13. b3 Bxf4 14. Qxf4 Qf6 15. Qxf6 Nxf6 16. f3 Rfe8 17. Rfe1 Nd7 18. Kf2 f6 19. Ne2 Re7 20. Nd4 c5 21. Nf5 Ree8 22. c4 g6 23. Ne3 Nb6 24. Ng4 Kg7 25. h4 h5 26. Ne3 a5 27. a3 Re5 28. Nd5 Nxd5 29. Rxd5 Rae8 30. Red1 Rxd5 31. Rxd5 Re5 32. Ke3 Re8 33. Kd3 Kf7 34. Kc3 Rb8 35. Rd2 Ke6 36. Rb2 Ke5 37. g3 Rb7 38. Re2 Rb8 39. f4+ Ke6 40. Rb2 f5 41. Re2 fxe4 42. Rxe4+ Kf6 43. Re1 Kf7 44. Re2 Kf6 45. Rd2 Kf5 46. Rd5+ Kf6 1/2-1/2

[Event "Valasska Bystrice op"]
[Site "Valasska Bystrice"]
[Date "2015.09.14"]
[Round "4"]
[White "Parak, Frantisek"]
[Black "Glacner, Karel"]
[Result "0-1"]
[WhiteElo "1734"]
[BlackElo "1556"]
[PlyCount "48"]
[EventDate "2015.09.12"]
[EventType "swiss"]
[EventRounds "9"]
[EventCountry "CZE"]
[SourceTitle "EXT 2016"]
[Source "ChessBase"]
[SourceDate "2015.10.08"]
[SourceVersion "1"]
[SourceVersionDate "2015.10.08"]
[SourceQuality "1"]

1. e4 e5 2. Nf3 f5 3. d3 d6 4. Nc3 c6 5. Be2 Be7 6. 0-0 g5 7. h3 f4 8. d4 g4 9. hxg4 Bxg4 10. dxe5 Bxf3 11. Bxf3 dxe5 12. Bh5+ Kf8 13. g3 Nf6 14. gxf4 Rg8+ 15. Kh1 Qc8 16. f5 Bc5 17. Bh6+ Ke7 18. Qe2 Nbd7 19. Na4 Nxh5 20. Qxh5 Nf6 21. Qe2 Rg4 22. Nxc5 Rh4+ 23. Kg2 Qg8+ 24. Kf3 Rh3# 0-1

[Event "Valasska Bystrice op"]
[Site "Valasska Bystrice"]
[Date "2015.09.13"]
[Round "2"]
[White "Parak, Frantisek"]
[Black "Chlevistan, Jaromir"]
[Result "1-0"]
[WhiteElo "1734"]
[BlackElo "1543"]
[PlyCount "91"]
[EventDate "2015.09.12"]
[EventType "swiss"]
[EventRounds "9"]
[EventCountry "CZE"]
[SourceTitle "EXT 2016"]
[Source "ChessBase"]
[SourceDate "2015.10.08"]
[SourceVersion "1"]
[SourceVersionDate "2015.10.08"]
[SourceQuality "1"]

1. e4 c6 2. d4 d5 3. Nc3 dxe4 4. Nxe4 Bf5 5. Ng3 Bg6 6. Nf3 Qc7 7. c3 e6 8. Bd3 Bxd3 9. Qxd3 Nd7 10. 0-0 0-0-0 11. Ng5 Nb6 12. Qf3 Nf6 13. Bf4 Bd6 14. Bxd6 Rxd6 15. N3e4 Rd5 16. h4 Rf5 17. Qg3 Qxg3 18. Nxg3 Rf4 19. Nf3 Nfd7 20. b3 g6 21. c4 c5 22. Rad1 cxd4 23. Rxd4 Rxd4 24. Nxd4 a6 25. Ne4 Kc7 26. f4 h6 27. Nf3 Rf8 28. Rd1 a5 29. Kf2 f5 30. Nd6 Nc5 31. Ne5 Rg8 32. Nb5+ Kc8 33. Nf3 Ne4+ 34. Ke3 Rd8 35. Rd4 Rxd4 36. Kxd4 Nd7 37. Ne5 Nxe5 38. Kxe5 Kd7 39. Nd4 g5 40. Nxe6 gxh4 41. Nd4 Nc3 42. a4 Nd1 43. Nxf5 Kc6 44. Nxh6 Ne3 45. f5 Ng4+ 46. Ke6 1-0

[Event "Valasska Bystrice op"]
[Site "Valasska Bystrice"]
[Date "2014.09.20"]
[Round "9"]
[White "Prda, Jan"]
[Black "Parak, Frantisek"]
[Result "1-0"]
[WhiteElo "1585"]
[BlackElo "1739"]
[PlyCount "105"]
[EventDate "2014.09.13"]
[EventType "swiss"]
[EventRounds "9"]
[EventCountry "CZE"]
[SourceTitle "CBM 162 Extra"]
[Source "ChessBase"]
[SourceDate "2014.10.17"]
[SourceVersion "1"]
[SourceVersionDate "2014.10.17"]
[SourceQuality "1"]

1. Nf3 Nf6 2. c4 e6 3. e3 d5 4. Nc3 Be7 5. b3 0-0 6. Be2 c5 7. cxd5 exd5 8. d4 cxd4 9. Nxd4 Nc6 10. 0-0 Nxd4 11. Qxd4 Be6 12. Bb2 b6 13. b4 Rc8 14. Rac1 Qd6 15. a3 Rfd8 16. Ba6 Ra8 17. Nb5 Qb8 18. Nc7 Bd6 19. Nxa8 Qxa8 20. Qh4 Be7 21. Rc7 Re8 22. Rfc1 Qd8 23. Bd3 h6 24. Qd4 Bd6 25. Rxa7 Bb8 26. Ra6 Qd6 27. g3 Bc7 28. Ra7 Bd8 29. Bb5 Rf8 30. Bc6 h5 31. e4 Qb8 32. Rb7 Qc8 33. exd5 Bh3 34. d6 Qg4 35. Qe5 Qe6 36. f3 Qxe5 37. Bxe5 Be6 38. Bxf6 gxf6 39. Rd1 Bc8 40. Rb8 Be6 41. b5 Kg7 42. Kg2 f5 43. Rd4 Bf6 44. Rxf8 Kxf8 45. Ra4 Be5 46. Ra8+ Kg7 47. d7 Bxd7 48. Bxd7 Kf6 49. a4 f4 50. a5 bxa5 51. Rxa5 fxg3 52. hxg3 Ke7 53. b6 1-0

[Event "Valasska Bystrice op"]
[Site "Valasska Bystrice"]
[Date "2014.09.17"]
[Round "6"]
[White "Zlebcik, Ladislav"]
[Black "Parak, Frantisek"]
[Result "1-0"]
[WhiteElo "1900"]
[BlackElo "1739"]
[PlyCount "107"]
[EventDate "2014.09.13"]
[EventType "swiss"]
[EventRounds "9"]
[EventCountry "CZE"]
[SourceTitle "CBM 162 Extra"]
[Source "ChessBase"]
[SourceDate "2014.10.17"]
[SourceVersion "1"]
[SourceVersionDate "2014.10.17"]
[SourceQuality "1"]

1. e4 c5 2. Nf3 d6 3. d4 cxd4 4. Nxd4 Nf6 5. Nc3 a6 6. f3 Qc7 7. Be3 e5 8. Nb3 Be6 9. g4 h6 10. Qd2 Be7 11. 0-0-0 Nbd7 12. h4 b5 13. Kb1 Rc8 14. Bg2 b4 15. Ne2 a5 16. g5 hxg5 17. hxg5 Rxh1 18. Rxh1 Ng8 19. Bh3 a4 20. Bxe6 fxe6 21. Nbc1 Qc4 22. Qd3 Qxd3 23. Nxd3 d5 24. exd5 exd5 25. Bd2 Rb8 26. Rh4 Kf7 27. Nxb4 Ke6 28. Nc6 Rb6 29. Nxe7 Nxe7 30. Rxa4 Nc5 31. Ra7 d4 32. Ng3 g6 33. Ne4 Nd7 34. a4 Nc6 35. Ra8 Rb8 36. Rxb8 Ncxb8 37. b4 Nb6 38. a5 Nc4 39. Kc1 Na3 40. Kb2 Nb5 41. c4 dxc3+ 42. Bxc3 Kd5 43. Nf6+ Ke6 44. Bd2 Nd4 45. f4 exf4 46. Bxf4 Na6 47. Be3 Nb5 48. Kb3 Kd6 49. Ne4+ Kc6 50. Nc5 Nxc5+ 51. Bxc5 Kb7 52. Kc4 Ka6 53. Kd5 Kb7 54. Ke6 1-0

[Event "Valasska Bystrice op"]
[Site "Valasska Bystrice"]
[Date "2014.09.16"]
[Round "5"]
[White "Parak, Frantisek"]
[Black "Fiser, Otakar"]
[Result "1-0"]
[WhiteElo "1739"]
[BlackElo "1598"]
[PlyCount "92"]
[EventDate "2014.09.13"]
[EventType "swiss"]
[EventRounds "9"]
[EventCountry "CZE"]
[SourceTitle "CBM 162 Extra"]
[Source "ChessBase"]
[SourceDate "2014.10.17"]
[SourceVersion "1"]
[SourceVersionDate "2014.10.17"]
[SourceQuality "1"]

1. e4 d6 2. d4 Nf6 3. Nc3 e5 4. Nf3 Nbd7 5. Bb5 Be7 6. dxe5 dxe5 7. Nxe5 0-0 8. Nxd7 Nxd7 9. 0-0 c6 10. Be2 Qb6 11. Bd3 Ne5 12. h3 Rd8 13. Qe2 Nxd3 14. cxd3 Be6 15. Rd1 Qa5 16. Bd2 Qe5 17. Be3 Rd7 18. f4 Qa5 19. f5 Bxf5 20. exf5 Qxf5 21. Ne4 Rad8 22. Bf2 b6 23. Rac1 c5 24. b3 Qe6 25. Qf3 f5 26. Ng3 g6 27. Rc2 Bf6 28. Re2 Qd6 29. Nf1 Kf7 30. Ne3 b5 31. Nc2 b4 32. Ne3 Bd4 33. Nc4 Bxf2+ 34. Qxf2 Qf6 35. Ne5+ Kg7 36. Nxd7 Rxd7 37. Qxc5 Kh6 38. Qe3+ Kg7 39. Qe5 Qxe5 40. Rxe5 Rb7 41. d4 Kf6 42. Ra5 Rc7 43. Kf2 Kg5 44. Rb5 h5 45. Rxb4 h4 46. Rd2 Rd7 1-0

[Event "Valasska Bystrice op"]
[Site "Valasska Bystrice"]
[Date "2014.09.14"]
[Round "3"]
[White "Parak, Frantisek"]
[Black "Tajovska, Martina"]
[Result "1-0"]
[WhiteElo "1739"]
[BlackElo "1588"]
[PlyCount "65"]
[EventDate "2014.09.13"]
[EventType "swiss"]
[EventRounds "9"]
[EventCountry "CZE"]
[SourceTitle "CBM 162 Extra"]
[Source "ChessBase"]
[SourceDate "2014.10.17"]
[SourceVersion "1"]
[SourceVersionDate "2014.10.17"]
[SourceQuality "1"]

1. e4 e5 2. Nf3 Nc6 3. Bc4 Bc5 4. 0-0 Nge7 5. c3 d6 6. d4 exd4 7. cxd4 Bb6 8. d5 Ne5 9. Nxe5 dxe5 10. Bg5 0-0 11. Nc3 Kh8 12. Qb3 f6 13. Bh4 a6 14. Rad1 Qd6 15. Be2 f5 16. Bxe7 Qxe7 17. d6 Qf7 18. Bc4 Qe8 19. Nd5 Qc6 20. Nxb6 cxb6 21. Bd5 Qd7 22. Qxb6 Rf6 23. Bb3 fxe4 24. Qc7 Qxc7 25. dxc7 Bg4 26. Rd8+ Rf8 27. Rxa8 Rxa8 28. Bd5 Rc8 29. Rc1 Rf8 30. Bxb7 Bc8 31. Bxe4 Rf4 32. f3 Rf6 33. Rc5 1-0

[Event "Valasska Bystrice op"]
[Site "Valasska Bystrice"]
[Date "2014.09.13"]
[Round "1"]
[White "Parak, Frantisek"]
[Black "Lys, Josef"]
[Result "0-1"]
[WhiteElo "1739"]
[BlackElo "2225"]
[PlyCount "82"]
[EventDate "2014.09.13"]
[EventType "swiss"]
[EventRounds "9"]
[EventCountry "CZE"]
[SourceTitle "CBM 162 Extra"]
[Source "ChessBase"]
[SourceDate "2014.10.17"]
[SourceVersion "1"]
[SourceVersionDate "2014.10.17"]
[SourceQuality "1"]

1. e4 d5 2. exd5 Qxd5 3. Nc3 Qa5 4. d4 g6 5. Nf3 Bg7 6. Be2 Nf6 7. 0-0 0-0 8. Re1 Nc6 9. Bb5 e6 10. Bd2 Qb6 11. Bxc6 Qxc6 12. Qe2 Nd5 13. Ne5 Qb6 14. Nxd5 exd5 15. Bc3 Bf5 16. g4 Be6 17. h3 Rae8 18. Qd3 f6 19. Nf3 f5 20. Ne5 fxg4 21. Nxg4 Bf5 22. Qd2 Be4 23. Re3 h5 24. Rxe4 Rxe4 25. Ne5 Bxe5 26. dxe5 d4 27. Ba5 Qe6 28. Qd3 Qf5 29. Rf1 b6 30. Bd2 Qxe5 31. Bh6 Rf7 32. f4 Qf5 33. Kg2 Rfe7 34. Rf2 Re3 35. Qxf5 gxf5 36. Bg5 R7e4 37. Bf6 c5 38. Be5 Re2 39. h4 c4 40. Kf3 d3 41. cxd3 cxd3 0-1

[Event "Valasska Bystrice op"]
[Site "Valasska Bystrice"]
[Date "2013.09.11"]
[Round "6"]
[White "Parak, Frantisek"]
[Black "Oktavec, Ivan"]
[Result "1/2-1/2"]
[WhiteElo "1760"]
[BlackElo "1711"]
[PlyCount "58"]
[EventDate "2013.09.07"]
[EventType "swiss"]
[EventRounds "9"]
[EventCountry "CZE"]
[SourceTitle "CBM 156 Extra"]
[Source "ChessBase"]
[SourceDate "2013.10.22"]
[SourceVersion "1"]
[SourceVersionDate "2013.10.22"]
[SourceQuality "1"]

1. e4 e6 2. d4 d5 3. exd5 exd5 4. Bd3 Bd6 5. Nf3 Nf6 6. 0-0 0-0 7. Re1 Bg4 8. Bg5 Nbd7 9. Nbd2 h6 10. Bh4 c6 11. c3 Qc7 12. Qc2 Rfe8 13. h3 Bxf3 14. Nxf3 Rxe1+ 15. Rxe1 Kf8 16. Bf5 Re8 17. Rxe8+ Nxe8 18. Qe2 Ndf6 19. Bxf6 Nxf6 20. Ne5 Qe7 21. f4 c5 22. Kf2 g6 23. Bd3 Kg7 24. g4 c4 25. Bb1 Nd7 26. Qf3 Nb6 27. Qg3 Qf6 28. Ke3 Qe7 29. Kf3 Qf6 1/2-1/2